=LDR 00000nam 2200000 4500 =001 INLIS000000000060442 =005 20220131022746 =035 ##$$a 0010-0122000378 =007 ta =008 220131###########################0#ind## =020 ##$$a tidak Teridentifikasi =082 ##$$a 348.02 =084 ##$$a 348.02 Per p =245 ##$$a Peraturan Penggajian, Uang Lembur, Uang makan, Perjalanan Dinas, dan Pensiunan Th 2009 =300 ##$$a 601 halaman : $b ilustrasi ; $c 21 cm =650 #4$$a Undang2 dan Peraturan =264 ##$$a Jakarta :$b Eka jaya,$c 2009 =336 ##$$a teks$2 rdacontent =337 ##$$a lain-lain$2 rdamedia =338 ##$$a lain-lain$2 rdacarrier =990 ##$$a 04920492